China caos vital: las raíces taoístas del pueblo chino
-д хадгалсан:
| Үндсэн зохиолч: | |
|---|---|
| Формат: | Ном |
| Хэл сонгох: | испани |
| Хэвлэсэн: |
Taipéi
Universidad Fujen
1992
|
| Нөхцлүүд: | |
| Шошгууд: |
Шошго нэмэх
Шошго байхгүй, Энэхүү баримтыг шошголох эхний хүн болох!
|
MARC
| LEADER | 00000nam a2200000 a 4500 | ||
|---|---|---|---|
| 001 | UCX6811 | ||
| 003 | CL-VaPUC | ||
| 008 | 930818e19920000CH |||||||||||||||||spa|d | ||
| 082 | 0 | 4 | |a 181.09514 |b ALV |2 21 |
| 100 | 0 | |a Alvarez, José Ramón |e author |9 323459 | |
| 245 | 1 | 0 | |a China caos vital: las raíces taoístas del pueblo chino |
| 300 | |a 377 p | ||
| 942 | |c BK | ||
| 945 | |d 19930818 00:00:00 | ||
| 260 | |a Taipéi |b Universidad Fujen |c 1992 | ||
| 650 | 7 | |a TAOISMO |2 CL-VaPUC |9 323460 | |
| 650 | 7 | |a FILOSOFIA CHINA |2 CL-VaPUC |9 266932 | |
| 583 | |a last modification |c 19930818 00:00:00 |k Rodrigo Vera | ||
| 999 | |c 226766 |d 226764 | ||
| 952 | |0 0 |1 0 |4 0 |6 181_095140000000000_ALV_1992 |7 0 |8 A |9 225357 |a BIBEDU |b BIBEDU |d 2019-11-15 |i 2940558 |l 2 |o 181.09514 ALV 1992 |p 2940558 |r 2025-04-16 |s 2024-04-17 |w 2019-11-15 |y BK |k FIL | ||